000 00386 a2200133 4500
001 ART_3610
005 20260410161716.0
008 260409a
245 1 0 _aMás allá del flujo de caja
100 1 _aLópez, Andrés
700 1 _aChudnovsky, Daniel
700 1 _aPorta, Fernando
773 0 _tDesarrollo económico
_g- Vol. 35, Nº 137 (abr./jun. 1995)
_wREV1174
999 _c16554
_d16554